Football Clubs by Capital City - Statistics

General Stats
  • This quiz has been taken 505 times
    471 since last reset
  • The average score is 26 of 52
Answer Stats
Country Club % Correct
Real Madrid
96%
Spain Atlético Madrid
92%
Sporting CP
91%
England Arsenal
90%
Chelsea
90%
France Paris Saint-Germain
90%
Roma
89%
Netherlands Ajax
85%
Portugal Benfica
85%
Tottenham Hotspur
85%
Croatia Dinamo Zagreb
82%
Germany Hertha BSC
82%
Union Berlin
82%
Italy Lazio
81%
West Ham United
77%
Rapid Wien
75%
Greece AEK Athens
72%
Denmark København
71%
Wales Cardiff City
70%
Crystal Palace
70%
Ukraine Dynamo Kyiv
69%
Serbia Crvena zvezda
68%
Fulham
67%
Sparta Praha
66%
Russia CSKA Moscow
65%
Slavia Praha
62%
Austria Austria Wien
60%
FCSB
56%
Panathinaikos
54%
Lokomotiv Moscow
53%
Spartak Moscow
53%
Dynamo Moscow
52%
Partizan
45%
United States D.C. United
44%
Scotland Hibernian
30%
Romania Dinamo București
25%
Turkey Ankaragücü
15%
Linfield
15%
Czech Republic Bohemians 1905
13%
Hammarby
12%
Sweden Djurgårdens
9%
Lokomotiva Zagreb
8%
Crusaders
6%
Čukarički
6%
Glentoran
6%
Norway Vålerenga
6%
Atromitos
4%
Northern Ireland Cliftonville
4%
Gençlerbirliği
4%
Rad
4%
Apollon Smyrnis
2%
Voždovac
2%
No matching quizzes found
Score Distribution
Percent of People with Each Score
Percentile by Number Answered
Your Score History
You have not taken this quiz since the last reset